| 000 | 00527nam a2200181Ia 4500 | ||
|---|---|---|---|
| 003 | GCL | ||
| 008 | 140319s9999 xx 000 0 ara d | ||
| 040 |
_aGCL / _cGCL |
||
| 082 | 0 | 4 |
_a340.03 _bث م |
| 100 | 1 | _aثروة محجوب | |
| 245 | 1 | 0 |
_aالموسوعة الذهبية لقضاء التاديب فى خمسين عاما / _cثروة محجوب |
| 250 | _aالثانية | ||
| 300 |
_aمتعدد ؛ _c24 سم |
||
| 490 | _a | ||
| 650 | 0 | 4 | _aالقضاء |
| 650 | 0 | 4 | _aالقانون - معاجم |
| 942 |
_2ddc _cBK |
||
| 999 |
_c32996 _d32996 |
||